Les grands événements de 1987 - Statistiques

Statistiques générales
  • Ce quiz a été pris 6 fois
  • Le résultat moyen est 4 sur 15
Statistiques - réponses
Hint Extra Hint Réponse % Correct
Mort de Primo Lévi Italie 11 avril
33%
Mort de Marguerite Yourcenar France / Etats-Unis 17 décembre
33%
Naissance de Karim Benzema France 19 décembre
33%
Mort de Fred Astaire Etats-Unis 22 juin
33%
Mort de Lino Ventura France 22 octobre
33%
Sortie du film le Dernier empereur en France France / Italie 25 novembre
33%
Mort de Dalida France 3 mai
33%
Début de la 1ère intifada en Israël Israël 8 décembre
33%
Sortie de la console de jeu NES en Europe 15 mai
17%
Krach boursier Etats-Unis 19 octobre
17%
Mort d'Andy Warhol Etats-Unis 22 février
17%
Mathias Rust atterrit sur la place rouge à Moscou URSS / Allemagne 28 mai
17%
Naufrage d'un ferry au large de Zeebruges - 197 morts Belgique 6 mars
17%
Le Futuroscope de Poitiers ouvre France 31 mai
0%
Sortie de Crocodile Dundee en France Australie / France 4 février
0%
Aucun quiz correspondant
Distribution des résultats
% des personnes avec chaque résultat
Percentile par nombre de réponses
Votre historique - résultats
Vous n’avez pas pris ce quiz